<?xml version="1.0" encoding="UTF-8"?>
<record
    xmlns:xsi="http://www.w3.org/2001/XMLSchema-instance"
    xsi:schemaLocation="http://www.loc.gov/MARC21/slim http://www.loc.gov/standards/marcxml/schema/MARC21slim.xsd"
    xmlns="http://www.loc.gov/MARC21/slim">

  <leader>02246nam a22002417a 4500</leader>
  <controlfield tag="005">20230728115454.0</controlfield>
  <controlfield tag="008">230727b           ||||| |||| 00| 0 eng d</controlfield>
  <datafield tag="020" ind1=" " ind2=" ">
    <subfield code="a">9789391047511</subfield>
  </datafield>
  <datafield tag="040" ind1=" " ind2=" ">
    <subfield code="c">AL</subfield>
  </datafield>
  <datafield tag="041" ind1=" " ind2=" ">
    <subfield code="a">English</subfield>
  </datafield>
  <datafield tag="082" ind1=" " ind2=" ">
    <subfield code="2">23</subfield>
    <subfield code="a">954</subfield>
    <subfield code="b">MUKN</subfield>
  </datafield>
  <datafield tag="100" ind1=" " ind2=" ">
    <subfield code="a">Rudrangshu Mukherjee and others</subfield>
    <subfield code="9">128817</subfield>
  </datafield>
  <datafield tag="245" ind1=" " ind2=" ">
    <subfield code="a">New History Of India: From Its Origins To The Twenty-first Century</subfield>
  </datafield>
  <datafield tag="260" ind1=" " ind2=" ">
    <subfield code="a">New Delhi</subfield>
    <subfield code="b">Aleph Book Company</subfield>
    <subfield code="c">2023</subfield>
  </datafield>
  <datafield tag="300" ind1=" " ind2=" ">
    <subfield code="a">xxiii,455 p.</subfield>
    <subfield code="b">HB</subfield>
    <subfield code="c">23.5x15.5 cm.</subfield>
  </datafield>
  <datafield tag="365" ind1=" " ind2=" ">
    <subfield code="a">BLCR-000026</subfield>
    <subfield code="b">&#x20B9;799.00</subfield>
    <subfield code="c">&#x20B9;</subfield>
    <subfield code="d">&#x20B9;999.00</subfield>
    <subfield code="e">20%</subfield>
    <subfield code="f">15-07-2023</subfield>
  </datafield>
  <datafield tag="520" ind1=" " ind2=" ">
    <subfield code="a">A complete one-volume history of India illustrated throughout by maps and photographs in full colour.
The book covers all the major landmarks of Indian history from prehistoric times up to the twenty-first century&#x2014;starting with the country&#x2019;s geological origins a few billion years in the past and the migration of Homo sapiens from Africa into the region several millennia ago. It traces the evolution of Indian civilization through a multitude of epochs, personalities, and turning points, including the Harappan Culture, Vedic Society, the age of Mahavira and the Buddha, Ashoka and the Mauryas, the Gupta period, the Delhi Sultanate, major kingdoms in the east, west, and south, the Mughal empire, European incursions into the subcontinent, the British Raj, the freedom struggle led by Gandhi, Nehru, Patel, Bose, Tagore, and others, Independence and Partition, and key developments in the life of the modern republic. Deepening the overarching narrative are essays on archaeology, caste, religion, art, architecture, philosophy, language, culture, the economy, and various aspects of the nation&#x2019;s plural, diverse society. Written by award-winning historian Rudrangshu Mukherjee along with cultural historian Shobita Punja and photographer-archivist Toby Sinclair, A New History of India brings the story of one of the oldest, most complex countries on earth to vivid life by blending state-of-the-art pictures and maps with a text of depth, clarity, and rigorous scholarship.</subfield>
  </datafield>
  <datafield tag="650" ind1=" " ind2=" ">
    <subfield code="a">Indian History</subfield>
    <subfield code="9">128678</subfield>
  </datafield>
  <datafield tag="700" ind1=" " ind2=" ">
    <subfield code="a">MUKHERJEE (Rudrangshu)</subfield>
    <subfield code="9">128632</subfield>
  </datafield>
  <datafield tag="700" ind1=" " ind2=" ">
    <subfield code="a">PUNJA (Shobita)</subfield>
    <subfield code="9">128633</subfield>
  </datafield>
  <datafield tag="700" ind1=" " ind2=" ">
    <subfield code="a">SINCLAIR (Toby)</subfield>
    <subfield code="9">128634</subfield>
  </datafield>
  <datafield tag="942" ind1=" " ind2=" ">
    <subfield code="2">ddc</subfield>
    <subfield code="c">BK</subfield>
  </datafield>
  <datafield tag="999" ind1=" " ind2=" ">
    <subfield code="c">228178</subfield>
    <subfield code="d">228178</subfield>
  </datafield>
  <datafield tag="952" ind1=" " ind2=" ">
    <subfield code="0">0</subfield>
    <subfield code="1">0</subfield>
    <subfield code="2">ddc</subfield>
    <subfield code="4">0</subfield>
    <subfield code="7">0</subfield>
    <subfield code="8">HIS</subfield>
    <subfield code="a">AL</subfield>
    <subfield code="b">AL</subfield>
    <subfield code="d">2023-07-22</subfield>
    <subfield code="e">Navakarnataka Publications Pvt.Ltd.</subfield>
    <subfield code="g">799.00</subfield>
    <subfield code="l">2</subfield>
    <subfield code="m">1</subfield>
    <subfield code="o">954 MUKN</subfield>
    <subfield code="p">076605</subfield>
    <subfield code="r">2024-01-22 00:00:00</subfield>
    <subfield code="s">2024-01-03</subfield>
    <subfield code="v">999.00</subfield>
    <subfield code="w">2023-07-27</subfield>
    <subfield code="y">BK</subfield>
  </datafield>
</record>
